000 00318nam a22001337a 4500
008 170712b xxu||||| |||| 00| 0 eng d
020 _a9780394581651
041 _aeng
080 _23 ED
_a038
100 _a23
101 _aENC
245 _aA BIOGRAPHICAL DICTIONARY OF FILM
_cTHOMSON.D
942 _2udc
_cBK
999 _c20293
_d20293